Famous people from County Tyrone - Statistics

General Stats
  • This quiz has been taken 68 times
  • The average score is 4 of 13
Answer Stats
Hint Answer % Correct
General of the Union Army and 18th President of the USA Ulysses S. Grant
68%
1985 Snooker World Champion from Coalisland Dennis Taylor
43%
Cook who spread infectious disease to 53 of her employers in New York, 3 of whom died Mary Mallon (Typhoid Mary)
37%
Edinburgh body snatcher of the early 19th century William Burke
33%
Namesake of the above who won the 2011 Open (first and last name) Darren Clarke
32%
First Tyrone man to lift the Sam Maguire Peter Canavan
30%
Founder of a bank in Pittsburgh and namesake of a university in the same city Thomas Mellon
27%
Signatory of the 1916 Easter Proclamation (first and last name) Tom Clarke
25%
Dramatist and short story writer; works include "Philadelphia, Here I Come!" and "Translations" Brian Friel
20%
Novelist who wrote "At Swim-Two-Birds" and "The Third Policeman" (most famous nom de plume) Flann O'Brien
18%
Singer and guitarist from Strabane who was briefly a member of Planxty Paul Brady
15%
Writer and broadcaster born in Omagh Benedict Kiely
7%
Former unionist MP for North Down Sylvia Hermon
7%
No matching quizzes found
Score Distribution
Percent of People with Each Score
Percentile by Number Answered
Your Score History
You have not taken this quiz